SNL Cast Hosts Quiz Stats

 Plays Quiz Updated Jun 2, 2018

Challenge
Share
Tweet
Embed
Score 0/32 Timer 06:00
0 Plays Today
% Correct
Bill Murray
90%
Chris Rock
90%
Chevy Chase
88.4%
Amy Poehler
88.3%
Jimmy Fallon
88.1%
Dan Aykroyd
86.1%
Will Ferrell
85.8%
Billy Crystal
85.1%
Tina Fey
84.7%
Mike Myers
84.7%
Eddie Murphy
84.2%
Dana Carvey
83.9%
David Spade
77.6%
Kristen Wiig
77.4%
Julia Louis-Dreyfus
77.1%
Andy Samberg
75.4%
% Correct
Martin Short
74.9%
Tracy Morgan
73.9%
Robert Downey Jr.
66.9%
Bill Hader
64.1%
Maya Rudolph
61.6%
Sarah Silverman
58.6%
Seth Meyers
57.8%
Jon Lovitz
53.2%
Chris Farley
50.5%
Molly Shannon
50.2%
Norm Macdonald
49.5%
Fred Armisen
48.9%
Damon Wayans
45.2%
Phil Hartman
42.9%
Michael McKean
23.2%
Don Novello
12%

You're not logged in!

Compare scores with friends on all Sporcle quizzes.
OR
Log In

You Might Also Like...

Show Comments

Extras

Top Quizzes Today


Score Distribution

Your Account Isn't Verified!

In order to create a playlist on Sporcle, you need to verify the email address you used during registration. Go to your Sporcle Settings to finish the process.

Report this User

Report this user for behavior that violates our Community Guidelines.

Details: